000 00452nam a2200157 i 4500
001 32212
003 ES-MaACL
007 t|
008 030130s1971 sp ||||1| spa d
100 1 _aBergerol, Claude.
_927979
245 1 0 _aIniciación a la informática /
_cClaude Bergerol ; [traductor: Dyorki].
260 _aMadrid :
_bI.E.E.,
_c[1971]
300 _a2 v. :
_bil. ;
_c21 cm.
700 1 _aDyorki.
_946420
852 _aES-MaACL
_jL-5508-9
_bR.77718
999 _c32212
_d32212